la crisis de la deuda en américa latina (Registro nro. 12838)
[ vista simple ]
| 000 -LEADER | |
|---|---|
| fixed length control field | 01953nam a2200277Ia 4500 |
| 003 - CONTROL NUMBER IDENTIFIER | |
| control field | OSt |
| 005 - DATE AND TIME OF LATEST TRANSACTION | |
| control field | 20211206140154.0 |
| 008 - FIXED-LENGTH DATA ELEMENTS--GENERAL INFORMATION | |
| fixed length control field | 210310s1986 ck ad gr 000 0 spa d |
| 020 ## - INTERNATIONAL STANDARD BOOK NUMBER | |
| International Standard Book Number | 9586060063 |
| 040 ## - CATALOGING SOURCE | |
| Original cataloging agency | CO-JMCR |
| Transcribing agency | CO-JMCR |
| 041 0# - LANGUAGE CODE | |
| Language code of text/sound track or separate title | spa |
| 082 04 - DEWEY DECIMAL CLASSIFICATION NUMBER | |
| Classification number | 336.3435 / |
| Item number | B658c |
| Edition number | 23 |
| 100 1# - MAIN ENTRY--PERSONAL NAME | |
| Personal name | Blumer-Thomas, Víctor |
| Relator term | autor |
| 9 (RLIN) | 41735 |
| 245 13 - TITLE STATEMENT | |
| Title | la crisis de la deuda en américa latina |
| Statement of responsibility, etc. | Víctor Blumer-Thomas, Dionisio Díaz Carneiro, Carlos Díaz-Alejandro [y otros 5] ; editores, Rosemary Thorp, Laurence Whitehead |
| 260 ## - PUBLICATION, DISTRIBUTION, ETC. | |
| Place of publication, distribution, etc. | Bogotá : |
| Name of publisher, distributor, etc. | Siglo veintiuno, |
| Date of publication, distribution, etc. | 1986. |
| 300 ## - PHYSICAL DESCRIPTION | |
| Extent | 319 páginas ; |
| Dimensions | 23 cm. |
| 505 ## - FORMATTED CONTENTS NOTE | |
| Title | Introducción / |
| Statement of responsibility | Rosemary Thorp y Laurence Whitehead. -- |
| Title | Algunos aspectos de la crisis del desarrollo en xamérica latina / |
| Statement of responsibility | Carlos F. Díaz-Alejandro. -- |
| Title | El ajuste a largo plazo, la crisis de la deuda y el papel cambiante de las políticas de estabilización en la reciente experiencia brasileña. / |
| Statement of responsibility | Dionisio Dias Carneiro. -- |
| Title | Del auge petrolero a la crisis de la deuda. Un análisis de la política económica en el período 1978-85. / |
| Statement of responsibility | Jaime Ros. -- |
| Title | Proceso de ajuste en chile: una perspectiva comparativa. / |
| Statement of responsibility | Laurence Whitehea. -- |
| Title | El último ciclo inflacionario argentino: 1979. 1985. / |
| Statement of responsibility | Guido di Tella. -- |
| Title | Políticas de ajuste en el Perú: efectos de una crisis prolongada. / |
| Statement of responsibility | Rosemary Thorp. -- |
| Title | Crisis y política económica en Colombia, 1980 1985. / |
| Statement of responsibility | José Antonio Ocampo. -- |
| Title | La crisis de la balanza de pagos y los programas de ajuste en Centroamérica / |
| Statement of responsibility | Víctor Bulmer-Thomas. -- |
| Title | Reseña y conclusiones. / |
| Statement of responsibility | Rosemary Thorp y Whitehead. |
| 650 14 - SUBJECT ADDED ENTRY--TOPICAL TERM | |
| Topical term or geographic name entry element | Desarrollo económico |
| 9 (RLIN) | 41736 |
| 650 24 - SUBJECT ADDED ENTRY--TOPICAL TERM | |
| Topical term or geographic name entry element | Auge petrolero |
| 9 (RLIN) | 41737 |
| 650 24 - SUBJECT ADDED ENTRY--TOPICAL TERM | |
| Topical term or geographic name entry element | Análisis político |
| 9 (RLIN) | 41738 |
| 700 1# - ADDED ENTRY--PERSONAL NAME | |
| Personal name | Díaz Carneiro, Dionisio |
| Relator term | autor |
| 9 (RLIN) | 41739 |
| 700 1# - ADDED ENTRY--PERSONAL NAME | |
| Personal name | Díaz-Alejandro, Carlos, |
| Relator term | autor |
| 9 (RLIN) | 41740 |
| 700 1# - ADDED ENTRY--PERSONAL NAME | |
| Personal name | Thorp, Rosemary |
| Relator term | editor |
| 9 (RLIN) | 40268 |
| 700 1# - ADDED ENTRY--PERSONAL NAME | |
| Personal name | Whitehead, Laurence |
| Relator term | editor |
| 9 (RLIN) | 2613 |
| 942 ## - ADDED ENTRY ELEMENTS (KOHA) | |
| Source of classification or shelving scheme | Dewey Decimal Classification |
| Koha item type | Books |
| Withdrawn status | Lost status | Source of classification or shelving scheme | Damaged status | Not for loan | Home library | Current library | Shelving location | Date acquired | Source of acquisition | Full call number | Barcode | Date last seen | Copy number | Price effective from | Koha item type |
|---|---|---|---|---|---|---|---|---|---|---|---|---|---|---|---|
| Dewey Decimal Classification | Biblioteca Pública José María del Castillo y Rada | Biblioteca Pública José María del Castillo y Rada | General Stacks | 04/15/2018 | Donación | 336.3435 / B658c | 201811734 | 01/13/2025 | Ej.1 | 03/10/2021 | Books |